[Event "Challenge"]
[Site "http://www.queenalice.com/game.php?id=823261"]
[Date "2010.8.25"]
[Round "-"]
[White "nickpet"]
[Black "basti822"]
[Result "0-1"]
[WhiteElo "1536"]
[BlackElo "1614"]

1. e4 g6 2. Nf3 Bg7 3. e5 e6 4. d4 d6 5. Bg5 f6 6. exf6 Bxf6 7. Qe2 Bxg5 8. Nxg5
Qxg5 9. Nc3 Nc6 10. Nb5 Kd8 11. h4 Qd5 12. c3 Nf6 13. c4 Qe4 14. f3 Qxe2+ 15.
Bxe2 a6 16. d5 exd5 17. cxd5 Nxd5 18. Nc3 Ne3 19. Kf2 Rf8 20. Kxe3 Nb4 21. Kd2
Be6 22. a3 Nd5 23. Nxd5 Bxd5 24. b4 b5 25. a4 bxa4 26. Rxa4 Bc6 27. b5 axb5 28.
Bxb5 Rxa4 29. Bxa4 Bxa4 30. Ra1 Bc6 31. Ra6 Kd7 32. Kd3 Bb5+ 33. Kd4 Bxa6 34.
Kd5 Bf1 35. g4 Rxf3 36. h5 gxh5 37. g5 h4 38. Ke4 Bg2 39. Kd5 h3 40. g6 hxg6 41.
Ke4 h2 42. Kd4 h1=Q 43. Kc4 Qc1+ 44. Kd4 Qc5+ 45. Ke4 Qc4# 0-1

[Event "Challenge"]
[Site "http://www.queenalice.com/game.php?id=823262"]
[Date "2010.8.25"]
[Round "-"]
[White "basti822"]
[Black "nickpet"]
[Result "0-1"]
[WhiteElo "1620"]
[BlackElo "1530"]

1. e4 e5 2. d4 exd4 3. Qxd4 Nc6 4. Qd3 Qf6 5. Nf3 Ne5 6. Nxe5 Qxe5 7. Nc3 f5 8.
Be2 fxe4 9. Nxe4 d5 10. Ng5 Bf5 11. Qf3 Nh6 12. O-O Bxc2 13. Bf4 Qxb2 14. Rae1
O-O-O 15. Ne6 Be4 16. Qh3 Bf5 17. Qb3 Qxb3 18. axb3 Bxe6 19. Bxh6 gxh6 20. Bh5
Rd6 21. Ra1 a6 22. b4 Rg8 23. g3 d4 24. Rad1 Bc4 25. Rfe1 Bg7 26. Be2 d3 27.
Bg4+ Kb8 28. Re4 Bd5 29. Re3 Bb3 30. Rdxd3 Bd4 31. Rf3 Rxg4 32. Rxb3 h5 33. h3
Re4 34. b5 a5 35. Ra3 b6 36. Rf5 Bb2 37. Rb3 Bd4 38. Rxh5 a4 39. Ra3 Bb2 40. Ra2
a3 41. Rxh7 Rd1+ 42. Kg2 Ra1 43. Rxa1 Bxa1 44. g4 a2 0-1

[Event "Challenge"]
[Site "http://www.queenalice.com/game.php?id=823263"]
[Date "2010.8.25"]
[Round "-"]
[White "nickpet"]
[Black "basti822"]
[Result "0-1"]
[WhiteElo "1550"]
[BlackElo "1600"]

1. d4 c5 2. dxc5 Qa5+ 3. Bd2 Qxc5 4. g3 Nf6 5. Bb4 Qxb4+ 6. Nd2 Qxb2 7. Bg2 e6
8. Ngf3 Bb4 9. Rb1 Qc3 10. Rb3 Qc5 11. O-O Nc6 12. a3 Bxa3 13. Nb1 Bb4 14. c3
Ba5 15. Nd4 Nxd4 16. cxd4 Qc4 17. e3 d5 18. Nd2 Bxd2 19. Rd3 Qxd3 20. Bf3 Qc3
21. Qe2 O-O 22. Rd1 Bxe3 23. Qxe3 Qxe3 24. fxe3 b5 25. g4 b4 26. g5 Ne4 27. h4
b3 28. Rb1 Nd2 29. Rb2 Nxf3+ 30. Kf2 Nxh4 31. Rxb3 Bd7 32. Rb7 Bc6 33. Rc7 Rac8
34. Rxa7 Rb8 35. Kg3 Nf5+ 36. Kf4 Rb3 37. Ra1 Rxe3 38. Rc1 Re4+ 39. Kf3 Nxd4+
40. Kf2 f6 41. gxf6 Rxf6+ 42. Kg3 Ne2+ 43. Kh3 Nxc1 44. Kg3 Re5 45. Kg4 Re1 46.
Kg5 Rg1+ 47. Kh5 Rh6# 0-1

[Event "Let's Play Chess!"]
[Site "http://www.queenalice.com/game.php?id=829905"]
[Date "2010.9.8"]
[Round "-"]
[White "basti822"]
[Black "kinghenry"]
[Result "0-1"]
[WhiteElo "1589"]
[BlackElo "1948"]

1. e4 b6 2. Bc4 Bb7 3. Qf3 e6 4. d4 Nf6 5. Bg5 Be7 6. Bxf6 Bxf6 7. c3 O-O 8. e5
Bxf3 9. Nxf3 Bh4 10. O-O f5 11. Nbd2 d5 12. Bb3 Bg5 13. c4 Bxd2 14. Nxd2 Nc6 15.
cxd5 Nxd4 16. dxe6 Ne2+ 17. Kh1 Qe7 18. Rac1 Nxc1 0-1

[Event "Let's Play Chess!"]
[Site "http://www.queenalice.com/game.php?id=829906"]
[Date "2010.9.8"]
[Round "-"]
[White "TheRealHousekeeper"]
[Black "basti822"]
[Result "1-0"]
[WhiteElo "1975"]
[BlackElo "1639"]

1. e4 g6 2. d4 c5 3. dxc5 Qa5+ 4. Qd2 Qxc5 5. Qc3 Qxc3+ 6. Nxc3 Bg7 7. Bd2 e6 8.
O-O-O a6 9. Nce2 Ne7 10. Bc3 O-O 11. Bxg7 Kxg7 12. Nf3 f6 13. h4 d5 14. exd5
Nxd5 15. c4 Nb4 16. a3 N4c6 17. Ned4 b5 18. cxb5 axb5 19. Bxb5 Bd7 20. Bxc6 Bxc6
21. Nxe6+ Kf7 22. Nxf8 Kxf8 23. Rd8+ Kf7 24. Rhd1 Na6 25. Rxa8 Bxa8 26. Rd7+ Ke8
27. Rxh7 Bxf3 28. gxf3 Nc5 29. b4 Nd3+ 30. Kc2 Ne5 31. b5 Kd8 32. b6 Kc8 33. f4
1-0

[Event "Let's Play Chess!"]
[Site "http://www.queenalice.com/game.php?id=829907"]
[Date "2010.9.8"]
[Round "-"]
[White "basti822"]
[Black "spawnwolfwolverine"]
[Result "0-1"]
[WhiteElo "1633"]
[BlackElo "1594"]

1. e4 e5 2. Bc4 d6 3. Nc3 Nf6 4. d4 Be7 5. dxe5 dxe5 6. Nf3 O-O 7. Nxe5 Qxd1+ 8.
Nxd1 Nxe4 9. O-O Bd6 10. Bf4 Bxe5 11. Re1 Bxf4 12. Rxe4 Bd6 13. Nc3 Be6 14. Rd1
Bxc4 15. Rxc4 Nc6 16. Nb5 g6 17. Nxd6 cxd6 18. Rxd6 Rad8 19. Rxd8 Rxd8 20. h3 a6
21. b3 f5 22. c3 Ne5 23. Rd4 Rxd4 24. cxd4 Nd3 25. Kf1 Nc1 26. d5 Kf8 27. Ke1
Nd3+ 28. Kf1 Ke7 29. g3 Kd6 30. Ke2 Ne5 31. f4 Nd7 32. Kf3 Kxd5 33. g4 fxg4+ 34.
hxg4 h6 35. f5 gxf5 36. gxf5 Ke5 37. Kg4 Nf6+ 38. Kh4 Kxf5 0-1

[Event "Let's Play Chess!"]
[Site "http://www.queenalice.com/game.php?id=829908"]
[Date "2010.9.8"]
[Round "-"]
[White "spawnwolfwolverine"]
[Black "basti822"]
[Result "0-1"]
[WhiteElo "1699"]
[BlackElo "1584"]

1. d4 d5 2. e3 Nc6 3. Bb5 Bd7 4. Nf3 f6 5. O-O Qb8 6. b3 a6 7. Bxc6 bxc6 8. a4
e6 9. Ba3 Bxa3 10. Nxa3 Ne7 11. c4 Qb4 12. cxd5 exd5 13. Qc2 Rb8 14. Rfb1 c5 15.
Qxc5 Qxc5 16. dxc5 Kf7 17. Nd4 Rhe8 18. b4 Nf5 19. Nxf5 Bxf5 20. Rd1 c6 21. b5
cxb5 22. axb5 axb5 23. Rxd5 Be6 24. Rd6 b4 25. Nc2 b3 26. Nd4 b2 27. Rb1 Ba2 28.
Rxb2 Rxb2 29. g3 Re5 30. c6 Rc5 31. Rd7+ Kg6 32. c7 Rb1+ 33. Kg2 Bd5+ 34. Kh3
Rbc1 35. g4 Bb7 36. Kg3 Rxc7 37. Rxc7 Rxc7 38. h4 h5 39. Ne6 Re7 40. Nf4+ Kh6
41. Nxh5 f5 42. Nf4 fxg4 43. Kxg4 Rd7 44. f3 Rd1 45. e4 Rg1+ 46. Kf5 Bc8+ 47.
Ne6 Bxe6+ 48. Kxe6 Rf1 49. e5 Rxf3 50. Ke7 Kh5 51. e6 Kxh4 52. Ke8 g5 53. e7 Re3
54. Kf8 g4 55. e8=Q Rxe8+ 56. Kxe8 g3 57. Ke7 g2 58. Ke6 g1=Q 59. Kd6 Qd4+ 60.
Kc6 Kg5 61. Kc7 Kf6 62. Kc6 Ke6 63. Kb5 Kd6 64. Ka5 Kc6 65. Ka6 Qb6# 0-1

[Event "Challenge"]
[Site "http://www.queenalice.com/game.php?id=832995"]
[Date "2010.9.14"]
[Round "-"]
[White "basti822"]
[Black "nickpet"]
[Result "1-0"]
[WhiteElo "1632"]
[BlackElo "1541"]

1. e4 e5 2. Bc4 Nf6 3. Qf3 h6 4. Nc3 d6 5. d3 Bg4 6. Qg3 g5 7. Nd5 Be6 8. Nxf6+
Qxf6 9. h4 gxh4 10. Qf3 Nd7 11. Qxf6 Nxf6 12. Nf3 Bxc4 13. Nxh4 Be6 14. Be3 Ng4
15. O-O-O Bxa2 16. b3 h5 17. Kb2 Bh6 18. Rhf1 Nh2 19. Rfe1 Bxb3 20. cxb3 Ng4 21.
Bxh6 Rxh6 22. f3 Nf2 23. Rd2 Nxd3+ 24. Rxd3 Rf6 25. Nf5 O-O-O 26. Rh1 Rh8 27. g4
c5 28. Rxh5 Re8 29. g5 Rg6 30. Rh6 Rxg5 31. Nxd6+ Kd7 32. Nxe8+ Kxe8 33. Rhd6 b5
34. R6d5 Rg2+ 35. Kc3 b4+ 36. Kc4 Rc2+ 37. Kb5 f6 38. Rxc5 Ra2 39. Kxb4 a5+ 40.
Rxa5 Re2 41. Ra7 Rg2 42. Rd6 Rg6 43. Rb6 Kf8 44. Rb8# 1-0

[Event "Challenge"]
[Site "http://www.queenalice.com/game.php?id=832996"]
[Date "2010.9.14"]
[Round "-"]
[White "nickpet"]
[Black "basti822"]
[Result "0-1"]
[WhiteElo "1518"]
[BlackElo "1644"]

1. d4 g6 2. e4 c5 3. c4 Nc6 4. d5 Nd4 5. Bd2 Bg7 6. Bc3 Qb6 7. Ne2 Nf6 8. Nxd4
cxd4 9. Bxd4 Qa5+ 10. Bc3 Qc7 11. f3 e6 12. dxe6 dxe6 13. Na3 O-O 14. Nb5 Qc5
15. Be2 a6 16. Bd4 Qb4+ 17. Bc3 Qc5 18. a3 axb5 19. Bb4 Qe3 20. Bxf8 Kxf8 21.
cxb5 Bd7 22. Qd6+ Kg8 23. Qc7 Rc8 24. Qxc8+ Bxc8 25. a4 Qd4 26. Ra2 Qb4+ 27. Kf2
b6 28. Rc1 Bd7 29. Rc4 Qd2 30. Rc7 Bf8 31. Rb7 Bc5+ 32. Kg3 Qxe2 33. a5 Qxb5 34.
a6 Bd6+ 35. Kf2 Qc5+ 36. Ke1 Qc1+ 37. Kf2 Qc2+ 38. Ke1 Qb1+ 39. Kd2 Qxa2 40. a7
Qa5+ 41. Kc2 Bc6 42. Rb8+ Kg7 43. a8=Q Bxa8 44. Rxa8 Qxa8 45. b3 Qa2+ 46. Kc3
Qxg2 47. Kd4 Qb2+ 48. Kc4 Qe2+ 49. Kc3 Qxf3+ 50. Kc4 Qxe4+ 51. Kb5 Qb4+ 52. Kc6
Qc5+ 53. Kb7 Nd5 54. Ka6 b5 55. Ka5 Qb6# 0-1

[Event "Challenge"]
[Site "http://www.queenalice.com/game.php?id=837134"]
[Date "2010.9.23"]
[Round "-"]
[White "basti822"]
[Black "nickpet"]
[Result "0-1"]
[WhiteElo "1655"]
[BlackElo "1495"]

1. e4 e5 2. Bc4 Qh4 3. Qf3 Nf6 4. g3 Qxe4+ 5. Qxe4 Nxe4 6. d3 Nd6 7. Nc3 Nxc4 8.
Nd5 Bd6 9. dxc4 Nc6 10. c5 Nd4 11. Kd2 O-O 12. cxd6 cxd6 13. c3 Ne6 14. Kc2 b6
15. Nf3 Bb7 16. c4 b5 17. Rd1 bxc4 18. Nh4 Nd4+ 19. Rxd4 exd4 20. Nb4 d3+ 21.
Kc3 d5 22. Bd2 a5 23. Nxd5 Bxd5 24. Nf5 Rfe8 25. Nd6 Re2 26. Rf1 Bg2 27. Rg1
Rxf2 28. Nxc4 Be4 29. h4 f5 30. Be3 Rc2+ 31. Kb3 Rb8+ 32. Ka3 Rxc4 33. b3 Rc2
34. g4 Rf8 35. h5 f4 36. Bd4 f3 37. Rf1 Ra8 38. g5 Bc6 39. h6 g6 0-1

[Event "Challenge"]
[Site "http://www.queenalice.com/game.php?id=837135"]
[Date "2010.9.23"]
[Round "-"]
[White "nickpet"]
[Black "basti822"]
[Result "1-0"]
[WhiteElo "1583"]
[BlackElo "1615"]

1. d4 g6 2. e4 c5 3. e5 Bg7 4. f4 d6 5. dxc5 Qa5+ 6. Bd2 Qxc5 7. b4 Qd4 8. c3
Qe4+ 9. Qe2 Qxe2+ 10. Nxe2 dxe5 11. fxe5 Bxe5 12. Na3 Nc6 13. Nb5 Kd8 14. Ng1
Nxb4 15. Nf3 Nc2+ 16. Kd1 Nxa1 17. Nxe5 Be6 18. Kc1 f6 19. Nf3 a6 20. Nbd4 Bxa2
21. Kb2 Bd5 22. Kxa1 Bxf3 23. Nxf3 e5 24. c4 Ne7 25. c5 Rc8 26. Ba5+ Ke8 27. Bb4
Nd5 28. Ba3 Kf7 29. Bc4 Rcd8 30. Rf1 Kg7 31. Rb1 Ne3 32. Rxb7+ Kh6 33. Bc1 Rd1
34. Kb2 Rxc1 35. Kxc1 Nxc4 36. c6 Na5 37. Rb6 Rc8 38. Rxa6 Nxc6 39. Kd1 f5 40.
h4 e4 41. Ng5 Nd4 42. Ra7 Rh8 43. Nf7+ Kg7 44. Nxh8+ Kxh8 45. Kd2 Ne6 46. Ke3
Kg8 47. Re7 Nc5 48. Kf4 Nd3+ 49. Kg5 Ne1 50. g4 fxg4 51. Kxg4 h5+ 52. Kg5 Nf3+
53. Kxg6 Nxh4+ 54. Kxh5 Nf3 55. Rxe4 Kg7 56. Re6 Nd4 57. Re4 Nf5 58. Kg5 Nd6 59.
Re7+ Kf8 60. Kf6 Kg8 61. Ke6 Nb5 62. Kf6 Kf8 63. Re5 Nd6 64. Ke6 Ne8 65. Rf5+
Kg8 66. Ke7 Ng7 67. Rg5 Kh7 68. Kf7 Kh8 69. Rg4 1-0

[Event "Let's Play Chess!"]
[Site "http://www.queenalice.com/game.php?id=837138"]
[Date "2010.9.23"]
[Round "-"]
[White "basti822"]
[Black "feliz70"]
[Result "0-1"]
[WhiteElo "1644"]
[BlackElo "2128"]

1. e4 e6 2. e5 d6 3. d4 dxe5 4. Nc3 exd4 5. Nb5 c5 6. c3 a6 7. Qa4 Bd7 8. cxd4
Qb6 9. Qb3 axb5 10. Nf3 cxd4 11. Bd3 Bd6 12. O-O Nf6 13. Bg5 O-O 14. Bxf6 gxf6
15. Bxb5 Qxb5 16. Nxd4 Qxb3 17. Nxb3 Be5 18. Rfb1 Rc8 19. g3 Bc6 20. a3 Be4 21.
Re1 Bd5 22. Rac1 Rxc1 23. Nxc1 Bxb2 0-1

[Event "Let's Play Chess!"]
[Site "http://www.queenalice.com/game.php?id=837139"]
[Date "2010.9.23"]
[Round "-"]
[White "feliz70"]
[Black "basti822"]
[Result "1-0"]
[WhiteElo "2130"]
[BlackElo "1644"]

1. d4 g6 2. c4 c5 3. d5 Bg7 4. Nc3 Bxc3+ 5. bxc3 Nf6 6. Qc2 d6 7. e4 e6 8. Bd3
exd5 9. cxd5 O-O 10. Nf3 Re8 11. Bg5 Nbd7 12. O-O Qa5 13. Rfe1 Nh5 14. h3 f6 15.
Bd2 Ne5 16. Be2 c4 17. Nd4 Nd3 18. Bxd3 cxd3 19. Qxd3 Nf4 20. Bxf4 b6 21. Bxd6
Ba6 22. Qf3 Rac8 23. Bb4 Qa4 24. Qxf6 Qd7 25. Nf5 gxf5 26. Re3 Rf8 27. Rg3+ 1-0

[Event "Challenge"]
[Site "http://www.queenalice.com/game.php?id=842246"]
[Date "2010.10.5"]
[Round "-"]
[White "basti822"]
[Black "nickpet"]
[Result "0-1"]
[WhiteElo "1600"]
[BlackElo "1600"]

1. e4 e5 2. Nf3 d6 3. d4 exd4 4. Qxd4 Nc6 5. Bb5 Qd7 6. Bxc6 Qxc6 7. O-O Qxc2 8.
Na3 Qc6 9. e5 Be6 10. Bf4 b6 11. Rac1 Qd7 12. Ng5 c5 13. Qe4 d5 14. Qe2 Bg4 15.
f3 Bh5 16. e6 fxe6 17. Nxe6 Ne7 18. Bg5 h6 19. Bxe7 Bxe7 20. Nxg7+ Kd8 21. Nxh5
Re8 22. Ng7 Rg8 23. Ne6+ Kc8 24. Qa6+ Qb7 25. Qxb7+ Kxb7 26. Rfe1 c4 27. b3 Bxa3
28. Rc3 Bb4 29. Rec1 Bxc3 30. Rxc3 Rae8 31. Nd4 Re1+ 32. Kf2 Rb1 33. bxc4 Rb2+
34. Kg1 Rgxg2+ 35. Kf1 Rxh2 36. Kg1 Rhd2 0-1

[Event "Challenge"]
[Site "http://www.queenalice.com/game.php?id=843069"]
[Date "2010.10.7"]
[Round "-"]
[White "nickpet"]
[Black "basti822"]
[Result "1/2-1/2"]
[WhiteElo "1630"]
[BlackElo "1607"]

1. d4 g6 2. e4 c5 3. d5 Bg7 4. Nc3 Qa5 5. Bd2 d6 6. Nb5 Qb6 7. Bc3 Bxc3+ 8. bxc3
a6 9. Rb1 axb5 10. Rxb5 Qa7 11. Qb1 Qxa2 12. Rb2 Qa5 13. Ne2 e6 14. dxe6 Bxe6
15. Rxb7 Nc6 16. Rb5 Qa2 17. Nf4 Qxb1+ 18. Rxb1 Nf6 19. Nxe6 Rc8 20. Ng7+ Kd7
21. Bb5 Rhg8 22. Bxc6+ Rxc6 23. Rb7+ Rc7 24. Rb6 Rxg7 25. e5 Ne4 26. exd6 Nxd6
27. O-O f5 28. f4 Ne4 29. Rd1+ Kc8 30. Ra1 Nxc3 31. Ra8+ Kd7 32. h4 Nd5 33. Rba6
Nxf4 34. g3 Ne2+ 35. Kf2 Re7 36. c4 Nd4 37. Ra2 Rf7 38. Rh8 f4 39. gxf4 Rxf4+
40. Kg3 Rf7 41. Rf2 Nf5+ 42. Kg4 Ne3+ 43. Kg3 Nf5+ 44. Kg4 h5+ 45. Kg5 Ke6 46.
Re2+ Kd6 47. Kxg6 Nxh4+ 48. Kxh5 Rh7+ 49. Rxh7 Rxh7+ 50. Kg4 Ng6 51. Kf5 Ne7+
52. Kg5 Rg7+ 53. Kf6 Rh7 54. Re6+ Kd7 55. Re5 Rh6+ 56. Kg7 Re6 57. Rxc5 Rc6 58.
Rxc6 Kxc6 59. Kf6 1/2-1/2

[Event "Challenge"]
[Site "http://www.queenalice.com/game.php?id=851012"]
[Date "2010.10.26"]
[Round "-"]
[White "basti822"]
[Black "nickpet"]
[Result "0-1"]
[WhiteElo "1608"]
[BlackElo "1611"]

1. e4 e5 2. Bc4 Nf6 3. d3 h6 4. Nc3 c6 5. d4 Qe7 6. Nf3 exd4 7. Qxd4 b5 8. Bb3
c5 9. Qe5 c4 10. Qxe7+ Bxe7 11. e5 Ng4 12. Bxc4 bxc4 13. Nd5 Na6 14. O-O d6 15.
exd6 Bxd6 16. Re1+ Be6 17. Nc3 Nb4 18. Re2 O-O 19. Nb5 Bc5 20. Be3 Bxe3 21. fxe3
Nd5 22. e4 Nf4 23. Ree1 Bd7 24. Nc7 Rac8 25. Nd5 Nxd5 26. exd5 c3 27. b3 a5 28.
d6 Rfe8 29. Rad1 Ne3 30. Rc1 Rc6 31. Rxe3 Rxe3 32. Re1 Rxe1+ 33. Nxe1 Rxd6 34.
Nd3 Bf5 0-1

[Event "New Challenge"]
[Site "http://www.queenalice.com/game.php?id=851013"]
[Date "2010.10.26"]
[Round "-"]
[White "basti822"]
[Black "nickpet"]
[Result "0-1"]
[WhiteElo "1605"]
[BlackElo "1604"]

1. e4 e5 2. d4 exd4 3. Qxd4 d6 4. e5 c5 5. Qe4 dxe5 6. Qxe5+ Be6 7. Bb5+ Nc6 8.
Bg5 Nf6 9. Nf3 Bd6 10. Bxc6+ bxc6 11. Qe3 h6 12. Bxf6 Qxf6 13. Nc3 O-O 14. Rd1
Bxa2 15. Nxa2 Rae8 16. Qxe8 Rxe8+ 17. Kf1 Qe6 18. g3 Qh3+ 0-1

[Event "New Challenge"]
[Site "http://www.queenalice.com/game.php?id=851014"]
[Date "2010.10.26"]
[Round "-"]
[White "nickpet"]
[Black "basti822"]
[Result "0-1"]
[WhiteElo "1648"]
[BlackElo "1589"]

1. e4 g6 2. e5 d6 3. exd6 cxd6 4. Nf3 Bg4 5. h3 Bxf3 6. Qxf3 Nc6 7. Bc4 e6 8.
Qc3 d5 9. Qxh8 Nf6 10. d3 Nd4 11. Kd1 dxc4 12. Bg5 Kd7 13. Bxf6 Qb6 14. Bxd4 Qd6
15. dxc4 Re8 16. c5 Qd5 17. f3 Bxc5 18. c3 Rxh8 19. Nd2 Bxd4 20. cxd4 Qxd4 21.
Rb1 Rc8 22. Ke1 Qe3+ 23. Kd1 Qc5 24. Rc1 Qxc1+ 0-1

[Event "Challenge"]
[Site "http://www.queenalice.com/game.php?id=853598"]
[Date "2010.11.2"]
[Round "-"]
[White "ensito"]
[Black "basti822"]
[Result "1-0"]
[WhiteElo "1803"]
[BlackElo "1592"]

1. e4 g6 2. d4 c5 3. d5 Bg7 4. c3 e6 5. d6 Qa5 6. Bd2 Ne7 7. dxe7 Nc6 8. c4 Qb6
9. Bc3 Bxc3+ 10. Nxc3 Nxe7 11. b3 1-0